|
|
|
|
| LEADER |
00000nam2a2200000 4500 |
| 001 |
50530 |
| 005 |
20231031033159.0 |
| 035 |
|
|
|a (RuTPU)RU\TPU\book\52910
|
| 090 |
|
|
|a 50530
|
| 100 |
|
|
|a 20030417d1982 km y0rusy50 ca
|
| 101 |
0 |
|
|a rus
|
| 102 |
|
|
|a RU
|
| 105 |
|
|
|a a z 001zy
|
| 200 |
0 |
|
|a Т. 1: Материалы и технология
|
| 210 |
|
|
|d 1982
|
| 215 |
|
|
|a 225 с.
|c ил.
|
| 320 |
|
|
|a Библиогр.: с. 208-224.
|
| 461 |
|
1 |
|0 (RuTPU)RU\TPU\book\52906
|t Дисперсионные твэлы
|o В 2-х т.
|f А. Г. Самойлов, А. И. Каштанов, В. С. Волков
|v Т. 1: Материалы и технология
|d 1982
|
| 610 |
1 |
|
|a ядерные реакторы
|
| 610 |
1 |
|
|a тепловыделяющие элементы
|
| 610 |
1 |
|
|a ядерная энергетика
|
| 610 |
1 |
|
|a ТВЭЛы
|
| 610 |
1 |
|
|a конструкционные материалы
|
| 610 |
1 |
|
|a делящиеся материалы
|
| 610 |
1 |
|
|a плавка
|
| 610 |
1 |
|
|a литье
|
| 610 |
1 |
|
|a металлокерамика
|
| 610 |
1 |
|
|a дисперсионные твэлы
|
| 610 |
1 |
|
|a ядерные материалы
|
| 675 |
|
|
|a 621.039.54
|v 3
|
| 801 |
|
1 |
|a RU
|b 63413507
|c 20030417
|g PSBO
|
| 801 |
|
2 |
|a RU
|b 63413507
|c 20200204
|g PSBO
|
| 900 |
|
|
|a Материалы ядерных установок
|
| 900 |
|
|
|a Материалы ядерных реакторов
|
| 900 |
|
|
|a Материалы ядерных энергетических установок
|
| 900 |
|
|
|a Инженерные расчеты и проектирование ядерных энергетических установок
|
| 900 |
|
|
|a Проектирование ядерных реакторов и энергетических установок
|
| 900 |
|
|
|a Оптимизация параметров и характеристик ядерных реакторов
|
| 942 |
|
|
|c BK
|